| 000 | 00778nam a2200205Ia 4500 | ||
|---|---|---|---|
| 005 | 20241216011456.0 | ||
| 008 | 190429s9999||||xx |||||||||||||| ||und|| | ||
| 082 |
_a657.4 _bC97 |
||
| 100 | _aCHUQUIPOMA ALVARO LUIS | ||
| 245 | 0 | _aNORMATIVIDADES EN EL EJERCICIO DE LA PERICIA Y SU ALCANCE EN EL PERITAJE CONTABLE DE PARTE EN LA CORTE SUPERIOR DE JUSTICIA DE PASCO | |
| 250 | _a0 | ||
| 260 |
_aCERRO DE PASCO-PERU _bUNDAC _c2009 |
||
| 300 |
_a58 pag. _c30 cm. |
||
| 341 | _h0 | ||
| 490 |
_v0 _a0 |
||
| 505 | _aPLANTEAMIENTO DEL PROBLEMA DE INVESTIGACION,MARCO TEORICO Y CONCEPTUAL,METODOLOGIA YTECNICAS DE INVESTIGACION,ANALISIS E INTERPRETACION DE RESULTADOS OBTENIDOS. | ||
| 541 |
_aD _bCHUQUIPOMA ALVARO LUIS _d09-May-16 _oSoles |
||
| 650 | _aContabilidad | ||
| 942 | _cTESIS | ||
| 999 |
_c42915 _d42915 |
||